| 000 | 01090nam a2200337 c 4500 | ||
|---|---|---|---|
| 001 | 59437 | ||
| 003 | CO-BoRNBP | ||
| 005 | 20251010133312.0 | ||
| 007 | ta | ||
| 008 | 200514s2008 sp a gr 000 0 spa d | ||
| 020 | _a9788466213660 | ||
| 040 |
_aCO-BoRNBP _bspa _erda _cCO-BoRNBP |
||
| 041 | 1 |
_aspa _heng |
|
| 082 | 0 | 4 |
_a608 _bH65 _223 |
| 245 | 0 | 3 |
_aEl hombre y sus inventos / _ctraducción Marta Olmos y Alicia de la Peña. |
| 250 | _aPrimera edición | ||
| 264 | 1 |
_aMadrid, España : _bEditorial Planeta, _c2008 |
|
| 300 |
_a96 páginas : _bilustraciones a color |
||
| 336 |
_atexto _btxt _2rdacontent |
||
| 337 |
_asin mediación _bn _2rdamedia |
||
| 338 |
_avolumen _bnc _2rdacarrier |
||
| 490 | _aSaber y Conocer | ||
| 521 | _aRecomendado para público en general | ||
| 534 | _tThe living world, technology and transport | ||
| 650 | 0 | 7 |
_aInnovaciones en medicina _2lemb _965578 |
| 650 | 0 | 7 |
_aInnovaciones tecnológicas _2LEMB _917236 |
| 650 | 0 | 7 |
_aInventos _xHistoria _2LEMB |
| 700 |
_aOlmos, Marta _etrl _965579 |
||
| 700 |
_aPeña, Alicia de la _etrl _965580 |
||
| 942 |
_2ddc _cBK |
||
| 999 |
_c59437 _d59437 |
||